Sometimes - Renee Rapp (All Lyrics) - Statistics

General Stats
  • This quiz has been taken 61 times
    39 since last reset
  • The average score is 274 of 322
Answer Stats
Lyrics % Correct
I
100%
the
100%
Then
100%
then
100%
You
100%
you
100%
you,
100%
a
95%
be
95%
do
95%
it
95%
leave
95%
love
95%
me
95%
say
95%
tell
95%
that
95%
And
90%
and
90%
But
90%
but
90%
can't
90%
care
90%
could
90%
fine
90%
have
90%
If
90%
if
90%
I'm
90%
my
90%
there
90%
thought
90%
Thought
90%
to
90%
all
85%
(All
85%
being
85%
Bring
85%
by
85%
don't
85%
go,
85%
go
85%
good
85%
having
85%
It's
85%
it's
85%
killing
85%
know
85%
let
85%
myself
85%
myself)
85%
of
85%
So
85%
so
85%
sometimes
85%
Sometimes
85%
time
85%
tired
85%
At
80%
else
80%
her,
80%
her
80%
in
80%
night,
80%
night
80%
not
80%
Now
80%
part
80%
party
80%
said,
80%
someone
80%
still
80%
want
80%
what
80%
breaking
75%
find
75%
for
75%
is
75%
morning
75%
need
75%
rules
75%
stranded
75%
you're
75%
anymore
70%
'Cause
70%
gonna
70%
just
70%
make
70%
mean
70%
more
70%
over
70%
side
70%
take
70%
than
70%
things
70%
we
70%
alive
65%
dumb
65%
eating
65%
lie
65%
much
65%
on
65%
physical
65%
play
65%
Please
65%
predictable
65%
signed
65%
this
65%
up
65%
won't
65%
'bout
60%
easier
60%
getting
60%
God,
60%
got
60%
how
60%
little
60%
nights
60%
thinking
60%
toll
60%
worse,
60%
wrong
60%
different
55%
feel
55%
first
55%
owe
55%
did
50%
deny
45%
fun
40%
Or
35%
No matching quizzes found
Score Distribution
Percent of People with Each Score
Percentile by Number Answered
Your Score History
You have not taken this quiz since the last reset